First principles of cosmology

Αποθηκεύτηκε σε:
Λεπτομέρειες βιβλιογραφικής εγγραφής
Κύριος συγγραφέας: Linder, Eric V.
Μορφή: Βιβλίο
Γλώσσα:English
Δημοσίευση: Harlow, Engand : Addison-Wesley, c1997
Θέματα:
Ετικέτες: Προσθήκη ετικέτας
Δεν υπάρχουν, Καταχωρήστε ετικέτα πρώτοι!

MARC

LEADER 00000nam a2200000 i 4500
001 1/4853
008 000605s1997 eng d
020 |a 0-201-40395-1 
035 |l 10061374 
040 |a GR-MY-UA  |b gre  |e aacr 
041 0 |a eng 
082 0 |a 523.1 
100 1 |a Linder, Eric V. 
245 1 0 |a First principles of cosmology /  |c Eric V. Linder 
260 |a Harlow, Engand :   |b Addison-Wesley,   |c c1997 
300 |a ix, 189 p.;  |b ill.;  |c 24 cm. 
504 |a Includes bibliographical references and index 
650 0 0 |a Cosmology. 
852 |a INST  |b SAMOS  |e 20000605  |h 523.1 LIN  |p 005300019826  |q 005300019826  |t BK  |y 0 
901 |a BIBL3-2000-2 
909 |a Σ  |b 077766 
922 |a 3ΕΛΗ  |b 200004  |c ΚΠΣ  |d ΠΑΠΑΣΩΤΗΡΙΟΥ 
950 |a 116-1999-12-30 
970 |a ΓΕΝΟΥΖΟΥ  |b ΧΡΥΣΑΝΘΗ  |z 2000/06/05